01449nam a2200361Ia 4500001001200000003000800012006001900020007001500039008004100054010001700095015001500112020001500127020002200142040002100164035002000185050002600205082001900231100002000250245015300270260005300423300002400476504006600500533015200566650004200718650003500760650003800795650003100833650003400864655002900898710001700927856012600944999001701070ebr10076779CaPaEBRm u cr cn|||||||||020905s2002 enka sb 001 0 eng d z 2002512108 aGBA2-Z1526 z0761966803 z0761966811 (PBK.) aCaPaEBRcCaPaEBR a(OCoLC)7077393214aP96.E252bG727 2002eb04a302.2309412211 aDoyle, Gillian.10aMedia ownershiph[electronic resource] :bthe economics and politics of convergence and concentration in the UK and European media /cGillian Doyle. aLondon ;aThousand Oaks [Calif.] :bSAGE,c2002. avii, 192 p. :bill. aIncludes bibliographical references (p. [180]-187) and index. aElectronic reproduction.bPalo Alto, Calif. :cebrary,d2009.nAvailable via World Wide Web.nAccess may be limited to ebrary affiliated libraries. 0aMass mediaxOwnershipzGreat Britain. 0aMass mediaxOwnershipzEurope. 0aMass media policyzGreat Britain. 0aMass media policyzEurope. 0aMass mediaxEconomic aspects. 7aElectronic books.2local2 aebrary, Inc.40uhttp://site.ebrary.com/lib/rucke/Doc?id=10076779zAn electronic book accessible through the World Wide Web; click to view c53526d53526